| 000 | 01076nam a2200241 i 4500 | ||
|---|---|---|---|
| 001 | 15660 | ||
| 003 | ES-MaACL | ||
| 005 | 20250902090403.0 | ||
| 007 | t| | ||
| 008 | 000316s1996 sp l |||| | spa d | ||
| 020 | _a84-89318-85-9 | ||
| 080 | _a351.713(460.15) | ||
| 110 | 2 |
_aReal Sociedad Bascongada de los Amigos del País. _bDelegación en Corte. _bSemana _n(5ª. _d1994. _cMadrid) _96377 |
|
| 245 | 1 | 3 |
_aEl concierto económico vasco _b: Actas V Semana Delegación en Corte de la Real Sociedad Bascongada de los Amigos del País, Madrid 19-22 noviembre 1995 / _cdirección-coordinación, Guadalupe Rubio de Urquía, Juan Ignacio Unda Urzaiz. |
| 260 |
_aMadrid : _bDelegación en Corte, Real Sociedad Bascongada de los Amigos del País, _c1996. |
||
| 300 |
_a189 p. ; _c21 cm. |
||
| 600 | 1 | 4 |
_aCaro Baroja, Julio, _d1914-1995- _vHomenajes _935405 |
| 650 | 1 | 7 |
_aDerecho fiscal- _zPaís Vasco _2 _9146915 |
| 700 | 1 |
_aRubio de Urquía, Guadalupe _9100401 |
|
| 700 | 1 |
_aUnda Urzaiz, Juan Ignacio. _9111996 |
|
| 852 |
_aES-MaACL _jL-23048 |
||
| 999 |
_c15660 _d15660 |
||